[Event "DOM-ch"]
[White "Orizondo, Hugo"]
[Black "Dominguez, Jose Manuel"]
[Site "Santo Domingo"]
[Round "11"]
[Result "0-1"]
[Date "2023.03.12"]
[WhiteElo "2039"]
[BlackElo "2151"]
[PlyCount "88"]
[EventDate "2023.02.24"]
[EventType "swiss"]
[EventRounds "11"]
[EventCountry "DOM"]
[SourceTitle "CBM 213 Extra"]
[Source "ChessBase"]
[SourceDate "2023.05.31"]
[SourceVersion "1"]
[SourceVersionDate "2023.05.31"]
[SourceQuality "1"]

1. d4 Nf6 2. c4 d6 3. Nf3 Nbd7 4. g3 e5 5. Nc3 c6 6. e4 g6 7. Bg2 Bg7 8. 0-0 0-0 9. h3 Qa5 10. Be3 exd4 11. Bxd4 Qc7 12. Re1 Re8 13. Qc2 b6 14. Rad1 Bb7 15. Be3 Rad8 16. Bf4 Ne5 17. b3 a6 18. Re2 Nfd7 19. Red2 Nc5 20. Nd4 Ne6 21. Be3 Nxd4 22. Bxd4 f6 23. f4 Nd7 24. Bf2 Bf8 25. Qb2 b5 26. cxb5 axb5 27. a3 Qc8 28. Rc1 Qa8 29. a4 b4 30. Ne2 c5 31. Rcd1 Bxe4 32. Bxe4 Qxe4 33. Nc1 f5 34. Re2 Qf3 35. Rd3 Rxe2 36. Qxe2 Qxe2 37. Nxe2 Re8 38. Kf1 Nf6 39. Ng1 Ne4 40. Nf3 Rb8 41. Nd2 Nc3 42. Nc4 d5 43. Ne5 c4 44. Bd4 cxd3 0-1

[Event "DOM-ch"]
[White "Camacho Campusano, David Daniel"]
[Black "Orizondo, Hugo"]
[Site "Santo Domingo"]
[Round "2"]
[Result "1-0"]
[Date "2023.02.25"]
[WhiteElo "2196"]
[BlackElo "2039"]
[PlyCount "89"]
[EventDate "2023.02.24"]
[EventType "swiss"]
[EventRounds "11"]
[EventCountry "DOM"]
[SourceTitle "CBM 213 Extra"]
[Source "ChessBase"]
[SourceDate "2023.05.31"]
[SourceVersion "1"]
[SourceVersionDate "2023.05.31"]
[SourceQuality "1"]

1. e4 e5 2. Nf3 Nc6 3. Bb5 a6 4. Ba4 d6 5. d4 b5 6. Bb3 Nxd4 7. Nxd4 exd4 8. Bd5 Rb8 9. Qxd4 c5 10. Qd3 Nf6 11. Nc3 Be7 12. Bf4 0-0 13. 0-0 b4 14. Nd1 Nxd5 15. Qxd5 Be6 16. Qd3 c4 17. Qg3 Bh4 18. Qf3 g5 19. Bg3 Bxg3 20. Qxg3 d5 21. exd5 Qxd5 22. Ne3 Qc5 23. h4 h6 24. Rad1 Rbd8 25. Ng4 Kg7 26. Rfe1 Rd4 27. Ne5 Rxh4 28. Nf3 Rf4 29. Re5 Rxf3 30. Rxc5 Rxg3 31. fxg3 Rb8 32. Rd6 Rb7 33. Kf2 Kf6 34. Ke3 Ke7 35. Rxa6 Rd7 36. Rb6 b3 37. cxb3 cxb3 38. a4 Rd1 39. a5 Rb1 40. a6 Rxb2 41. a7 Ra2 42. Rc7+ Kd8 43. Rcb7 Ra3 44. Kd4 Ra4+ 45. Rb4 1-0

[Event "DOM-ch"]
[White "Orizondo, Hugo"]
[Black "Sanchez Castillo, Jose Rafael"]
[Site "Santo Domingo"]
[Round "8"]
[Result "1/2-1/2"]
[Date "2022.02.27"]
[WhiteElo "2035"]
[BlackElo "2103"]
[PlyCount "74"]
[EventDate "2022.02.18"]
[EventType "swiss"]
[EventRounds "11"]
[EventCountry "DOM"]
[SourceTitle "EXT 2023"]
[Source "ChessBase"]
[SourceDate "2022.10.05"]
[SourceVersion "1"]
[SourceVersionDate "2022.10.05"]
[SourceQuality "1"]

1. d4 d5 2. c4 e6 3. Nf3 c6 4. g3 Nf6 5. Bg2 Bd6 6. Nc3 0-0 7. 0-0 Nbd7 8. Nd2 Re8 9. e4 dxe4 10. Ndxe4 Nxe4 11. Nxe4 Be7 12. b3 Nf6 13. Bf4 Nxe4 14. Bxe4 Bd6 15. Be5 Qe7 16. Qh5 h6 17. Rad1 Bd7 18. Bc2 Rad8 19. Rfe1 Bc8 20. Re4 Qg5 21. Qe2 f5 22. f4 Qe7 23. Bxd6 Rxd6 24. Re3 Red8 25. Bxf5 Rxd4 26. Rxd4 Rxd4 27. Bxe6+ Bxe6 28. Rxe6 Qd7 29. Qg4 Re4 30. Rg6 Re1+ 31. Kg2 Qxg4 32. Rxg4 Re2+ 33. Kh3 Rxa2 34. f5 Rf2 35. Rd4 Rxf5 36. Rd8+ Rf8 37. Rd7 Kh7 1/2-1/2

[Event "DOM-ch"]
[White "Polanco Nunez, Yoel Estarling"]
[Black "Orizondo, Hugo"]
[Site "Santo Domingo"]
[Round "2"]
[Result "1/2-1/2"]
[Date "2022.02.19"]
[WhiteElo "2206"]
[BlackElo "2035"]
[PlyCount "70"]
[EventDate "2022.02.18"]
[EventType "swiss"]
[EventRounds "11"]
[EventCountry "DOM"]
[SourceTitle "EXT 2023"]
[Source "ChessBase"]
[SourceDate "2022.10.05"]
[SourceVersion "1"]
[SourceVersionDate "2022.10.05"]
[SourceQuality "1"]

1. e4 e5 2. Nf3 Nc6 3. Bb5 a6 4. Ba4 Nf6 5. 0-0 Be7 6. Re1 b5 7. Bb3 d6 8. c3 0-0 9. h3 Na5 10. Bc2 c5 11. d3 Bb7 12. Nbd2 Re8 13. Nf1 h6 14. Ng3 Bf8 15. Nh2 d5 16. Ng4 dxe4 17. Nxf6+ Qxf6 18. dxe4 g6 19. Nf1 Nc4 20. Qe2 Qh4 21. a4 Bc6 22. b3 Nd6 23. Ba3 Nb7 24. Ne3 Rad8 25. axb5 axb5 26. Nd5 Bxd5 27. exd5 b4 28. Bb2 bxc3 29. Bxc3 Nd6 30. Ra4 e4 31. Qa6 Bg7 32. Bxg7 Kxg7 33. Qc6 c4 34. Qb6 cxb3 35. Qxb3 Qg5 1/2-1/2

[Event "DOM-ch"]
[White "Orizondo, Hugo"]
[Black "Alcantara Urbaez, Richard Leandro"]
[Site "Santo Domingo"]
[Round "1"]
[Result "1-0"]
[Date "2022.02.18"]
[WhiteElo "2035"]
[BlackElo "1718"]
[PlyCount "113"]
[EventDate "2022.02.18"]
[EventType "swiss"]
[EventRounds "11"]
[EventCountry "DOM"]
[SourceTitle "EXT 2023"]
[Source "ChessBase"]
[SourceDate "2022.10.05"]
[SourceVersion "1"]
[SourceVersionDate "2022.10.05"]
[SourceQuality "1"]

1. d4 Nf6 2. c4 e6 3. Nf3 d5 4. g3 c5 5. cxd5 exd5 6. Bg2 Nc6 7. 0-0 a6 8. Nc3 Be7 9. dxc5 Bxc5 10. Bg5 d4 11. Bxf6 Qxf6 12. Ne4 Qe7 13. Nxc5 Qxc5 14. Rc1 Qa7 15. Rxc6 bxc6 16. Nxd4 0-0 17. Nxc6 Qc7 18. Ne7+ Qxe7 19. Bxa8 Bh3 20. Bg2 Bxg2 21. Kxg2 Qb7+ 22. Kg1 Qxb2 23. a4 Qa2 24. e3 h6 25. Qd4 Rc8 26. Ra1 Qe6 27. a5 Qf5 28. e4 Qb5 29. Kg2 Qe2 30. Rb1 Rc4 31. Rb8+ Kh7 32. Qe5 Qxe4+ 33. Qxe4+ Rxe4 34. Rb6 Re6 35. Rxe6 fxe6 36. Kf3 Kg6 37. Ke4 Kf6 38. Kd4 Kf5 39. Kc5 Ke4 40. Kb6 e5 41. Kxa6 Kf3 42. Kb6 e4 43. a6 Kxf2 44. a7 e3 45. a8Q e2 46. Qf8+ Kg2 47. Qe7 Kf2 48. Qf7+ Kg2 49. Qe6 Kf2 50. Qf5+ Ke3 51. Qe5+ Kd2 52. Qd4+ Ke1 53. Kc5 Kf1 54. Qf4+ Kg2 55. Qe3 Kxh2 56. Qxe2+ Kxg3 57. Qe5+ 1-0

[Event "Santo Domingo op 08"]
[White "Orizondo, Hugo"]
[Black "Abreu Jean, Carlos Paul"]
[Site "Santo Domingo"]
[Round "6"]
[Result "0-1"]
[Date "2019.08.20"]
[WhiteElo "2024"]
[BlackElo "2345"]
[PlyCount "108"]
[EventDate "2019.08.12"]
[EventType "swiss"]
[EventRounds "8"]
[EventCountry "DOM"]
[SourceTitle "EXT 2020"]
[Source "ChessBase"]
[SourceDate "2019.10.17"]
[SourceVersion "1"]
[SourceVersionDate "2019.10.17"]
[SourceQuality "1"]

1. e4 c5 2. c3 Nf6 3. e5 Nd5 4. Nf3 Nc6 5. d4 cxd4 6. cxd4 d6 7. Bc4 e6 8. 0-0 Be7 9. Qe2 0-0 10. Qe4 Ndb4 11. exd6 Qxd6 12. Bf4 Qd8 13. Nc3 Na5 14. Be2 Bd7 15. Ne5 Bc6 16. Nxc6 bxc6 17. Rfd1 Nb7 18. a3 Nd5 19. Bd3 g6 20. Bh6 Re8 21. Rac1 Nd6 22. Qe2 Bf6 23. Ne4 Nxe4 24. Bxe4 Qb6 25. Rc4 Rab8 26. b4 Qa6 27. Qd3 Red8 28. Rdc1 Rbc8 29. Qf3 Bh8 30. g3 Qb6 31. Bg5 Re8 32. Qd3 Qb7 33. h4 Bg7 34. h5 h6 35. Bd2 g5 36. Qf3 f5 37. Bb1 g4 38. Qd3 Qd7 39. Qc2 Ne7 40. Be3 Red8 41. Ba2 Kh7 42. Rc5 Re8 43. Qc4 Nd5 44. Rxc6 Rcd8 45. Qd3 Nxe3 46. fxe3 Qf7 47. Qc4 Qxh5 48. Rxe6 Qh3 49. Qc7 Rc8 50. Qxc8 Qxg3+ 51. Kh1 Rxc8 52. Rxc8 Qe1+ 53. Kg2 Qe2+ 54. Kg1 g3 0-1

[Event "Santo Domingo op 08"]
[White "Orizondo, Hugo"]
[Black "Henriquez, Roberto"]
[Site "Santo Domingo"]
[Round "4"]
[Result "1-0"]
[Date "2019.08.14"]
[WhiteElo "2024"]
[BlackElo "1805"]
[PlyCount "39"]
[EventDate "2019.08.12"]
[EventType "swiss"]
[EventRounds "8"]
[EventCountry "DOM"]
[SourceTitle "EXT 2020"]
[Source "ChessBase"]
[SourceDate "2019.10.17"]
[SourceVersion "1"]
[SourceVersionDate "2019.10.17"]
[SourceQuality "1"]

1. e4 d5 2. exd5 Nf6 3. d4 Nxd5 4. c4 Nf6 5. Nf3 Bg4 6. Be2 e6 7. 0-0 Be7 8. Nc3 0-0 9. Qb3 b5 10. h3 Bh5 11. Rd1 Nbd7 12. Bf4 Bd6 13. Ne5 Bxe2 14. Nxe2 h5 15. Bh2 Re8 16. Qf3 Bxe5 17. dxe5 g6 18. Qc6 Re7 19. g4 Ne8 20. Nc3 1-0

[Event "Santo Domingo Inmortales op"]
[White "Orizondo, Hugo"]
[Black "Gomez Diaz, Leonardo de Jesus"]
[Site "Santo Domingo"]
[Round "5"]
[Result "1-0"]
[Date "2016.11.25"]
[WhiteElo "2029"]
[BlackElo "1749"]
[PlyCount "83"]
[EventDate "2016.11.18"]
[EventType "swiss"]
[EventRounds "8"]
[EventCountry "DOM"]
[SourceTitle "EXT 2018"]
[Source "ChessBase"]
[SourceDate "2017.10.13"]
[SourceVersion "1"]
[SourceVersionDate "2017.10.13"]
[SourceQuality "1"]

1. d4 d5 2. c4 e6 3. Nf3 c5 4. cxd5 cxd4 5. Nxd4 exd5 6. Nc3 Nc6 7. g3 Bc5 8. Nb3 Bb4 9. Bg2 Be6 10. 0-0 Nge7 11. Be3 0-0 12. Rc1 Qd7 13. Nc5 Bxc5 14. Bxc5 Rfd8 15. Qa4 Bh3 16. Bxe7 Nxe7 17. Qxd7 Bxd7 18. Rfd1 Bc6 19. e3 f5 20. Rd4 Rd7 21. Ne2 Kf7 22. Nf4 g5 23. Nd3 Kf6 24. f4 h6 25. Ne5 Rd6 26. Kf2 Ng6 27. Nc4 Rdd8 28. Rcd1 Ke7 29. Bxd5 Bxd5 30. Rxd5 Rxd5 31. Rxd5 Rc8 32. b3 a6 33. g4 Nf8 34. Rxf5 Ne6 35. Rf7+ Kxf7 36. Nd6+ Ke7 37. Nxc8+ Kd7 38. Nb6+ Kc6 39. Nc4 gxf4 40. exf4 Nc5 41. Nd2 Kd5 42. Kf3 1-0

[Event "Washington Congress 3rd"]
[White "Orizondo, Hugo"]
[Black "Harper, Ryan"]
[Site "Arlington"]
[Round "2"]
[Result "1/2-1/2"]
[Date "2016.10.06"]
[WhiteElo "2050"]
[BlackElo "2207"]
[PlyCount "83"]
[EventDate "2016.10.05"]
[EventType "swiss"]
[EventRounds "9"]
[EventCountry "USA"]
[SourceTitle "EXT 2018"]
[Source "ChessBase"]
[SourceDate "2017.10.13"]
[SourceVersion "1"]
[SourceVersionDate "2017.10.13"]
[SourceQuality "1"]

1. d4 e6 2. c4 f5 3. Nf3 Nf6 4. g3 c6 5. Bg2 d5 6. 0-0 Bd6 7. Nc3 0-0 8. Qc2 Qe7 9. Rb1 a5 10. a3 b6 11. Na4 Bc7 12. cxd5 exd5 13. Bf4 Ne4 14. Bxc7 Qxc7 15. Ne5 Ba6 16. Rfe1 Re8 17. Rbc1 Ra7 18. f3 Nd6 19. Nc3 Qd8 20. f4 Rae7 21. e3 Nc4 22. b3 Nxe5 23. fxe5 g6 24. b4 axb4 25. axb4 Bc4 26. Ne2 Na6 27. Qb2 Ra7 28. Nf4 b5 29. Ra1 Qe7 30. Ra5 Rea8 31. Rea1 Nb8 32. Bf1 Rxa5 33. bxa5 Na6 34. Nd3 b4 35. Nf4 b3 36. Ra4 Bxf1 37. Kxf1 Qb7 38. Ra3 Rb8 39. Ne6 Qb5+ 40. Kg2 Nb4 41. Ra1 Kf7 42. Nf4 1/2-1/2

[Event "Washington Congress 3rd"]
[White "Berczes, David"]
[Black "Orizondo, Hugo"]
[Site "Arlington"]
[Round "1"]
[Result "1-0"]
[Date "2016.10.05"]
[WhiteElo "2478"]
[BlackElo "2050"]
[PlyCount "85"]
[EventDate "2016.10.05"]
[EventType "swiss"]
[EventRounds "9"]
[EventCountry "USA"]
[SourceTitle "EXT 2018"]
[Source "ChessBase"]
[SourceDate "2017.10.13"]
[SourceVersion "1"]
[SourceVersionDate "2017.10.13"]
[SourceQuality "1"]

1. d4 Nf6 2. c4 e6 3. Nf3 d5 4. g3 Bb4+ 5. Bd2 Be7 6. Bg2 0-0 7. 0-0 Nbd7 8. Nc3 c6 9. Bf4 b6 10. Rc1 Bb7 11. cxd5 Nxd5 12. Nxd5 exd5 13. Qa4 a5 14. Rxc6 Bxc6 15. Qxc6 Rc8 16. Qxd5 Nf6 17. Qf5 g6 18. Qd3 Nd5 19. Bh6 Re8 20. Ne5 Bf8 21. Qb3 Bxh6 22. Bxd5 Rxe5 23. Bxf7+ Kh8 24. dxe5 Qd4 25. e6 Bf8 26. e3 Qb4 27. Qxb4 axb4 28. Rd1 Kg7 29. Rd7 Kf6 30. e4 Rc1+ 31. Kg2 Re1 32. Bxg6 Kxe6 33. Bf5+ Kf6 34. f4 Be7 35. g4 Re2+ 36. Kg3 Rxb2 37. g5+ Kf7 38. Bxh7 Rxa2 39. g6+ Kg7 40. Rxe7+ Kh6 41. Bg8 Ra3+ 42. Kg4 Kxg6 43. Bd5 1-0

[Event "Santo Domingo Gesta Catorce op"]
[White "Orizondo, Hugo"]
[Black "Batlle Ysa, Rafael Jorge"]
[Site "Santo Domingo"]
[Round "4"]
[Result "1/2-1/2"]
[Date "2016.06.26"]
[WhiteElo "2041"]
[BlackElo "1901"]
[PlyCount "76"]
[EventDate "2016.06.24"]
[EventType "swiss"]
[EventRounds "8"]
[EventCountry "DOM"]
[SourceTitle "EXT 2017"]
[Source "ChessBase"]
[SourceDate "2016.10.25"]
[SourceVersion "1"]
[SourceVersionDate "2016.10.25"]
[SourceQuality "1"]

1. e4 e5 2. Nf3 Nc6 3. Bb5 a6 4. Ba4 Nf6 5. 0-0 b5 6. Bb3 Be7 7. Re1 d6 8. c3 0-0 9. h3 Bb7 10. d4 h6 11. Nbd2 Re8 12. Nf1 Bf8 13. Ng3 Na5 14. Bc2 g6 15. b3 Bg7 16. Bd2 c5 17. d5 Bc8 18. a4 Bd7 19. axb5 axb5 20. Qe2 Qc7 21. Ra2 Nb7 22. Rea1 Rxa2 23. Rxa2 Rb8 24. Qe1 Qc8 25. Qc1 Kh7 26. Qa3 Ne8 27. Be3 Nc7 28. b4 Ra8 29. Qb2 c4 30. Ba7 Ne8 31. Qa1 Nc7 32. Qc1 Nd8 33. Qe3 Qb7 34. Ra5 Bf6 35. Bb6 Na6 36. Bb1 Rb8 37. Ba7 Ra8 38. Bb6 Rb8 1/2-1/2

[Event "Santo Domingo Gesta Catorce op"]
[White "Reyes Capellan, Elby"]
[Black "Orizondo, Hugo"]
[Site "Santo Domingo"]
[Round "3"]
[Result "1/2-1/2"]
[Date "2016.06.25"]
[WhiteElo "1993"]
[BlackElo "2041"]
[PlyCount "104"]
[EventDate "2016.06.24"]
[EventType "swiss"]
[EventRounds "8"]
[EventCountry "DOM"]
[SourceTitle "EXT 2017"]
[Source "ChessBase"]
[SourceDate "2016.10.25"]
[SourceVersion "1"]
[SourceVersionDate "2016.10.25"]
[SourceQuality "1"]

1. c4 e6 2. Nc3 d5 3. e3 Nf6 4. Nf3 c5 5. cxd5 exd5 6. d4 Nc6 7. Be2 a6 8. 0-0 cxd4 9. Nxd4 Bd6 10. Re1 0-0 11. Bf3 Re8 12. g3 Be5 13. Nce2 Qb6 14. Rf1 Bh3 15. Bg2 Bxg2 16. Kxg2 Bxd4 17. Nxd4 Nxd4 18. exd4 Re4 19. b3 Qxd4 20. Qxd4 Rxd4 21. Bb2 Rd2 22. Bxf6 gxf6 23. Rfd1 Rxd1 24. Rxd1 Rd8 25. Kf3 Kf8 26. Rd4 Ke7 27. Rh4 Rh8 28. Ke3 h6 29. Rh5 Ke6 30. Kd4 f5 31. f3 f6 32. h3 Rc8 33. g4 fxg4 34. fxg4 Rc1 35. Rxh6 Rd1+ 36. Ke3 Ke5 37. Rh5+ Ke6 38. Rf5 Ra1 39. Rf2 Rh1 40. Rf3 Rh2 41. a4 Ke5 42. Kd3 Rh1 43. Rf5+ Ke6 44. Rh5 Rb1 45. Kc3 Rc1+ 46. Kd2 Rg1 47. Kc2 Rg3 48. Kb2 b5 49. axb5 axb5 50. b4 Kd6 51. Kc2 Ke6 52. Kb2 Kd6 1/2-1/2

[Event "DOM-ch"]
[White "Orizondo, Hugo"]
[Black "Polanco Nunez, Yoel Estarling"]
[Site "Santo Domingo"]
[Round "6"]
[Result "1/2-1/2"]
[Date "2016.04.09"]
[WhiteElo "2044"]
[BlackElo "2191"]
[PlyCount "92"]
[EventDate "2016.04.01"]
[EventType "swiss"]
[EventRounds "11"]
[EventCountry "DOM"]
[SourceTitle "CBM 171 Extra"]
[Source "ChessBase"]
[SourceDate "2016.04.26"]
[SourceVersion "1"]
[SourceVersionDate "2016.04.26"]
[SourceQuality "1"]

1. d4 d5 2. c4 c6 3. Nc3 Nf6 4. cxd5 cxd5 5. Bf4 Nc6 6. e3 a6 7. Bd3 e6 8. Nf3 Bd6 9. Bg3 0-0 10. Rc1 Bxg3 11. hxg3 Qd6 12. e4 dxe4 13. Nxe4 Nxe4 14. Bxe4 h6 15. Bxc6 bxc6 16. Qa4 Bd7 17. 0-0 Rfb8 18. Rc2 f6 19. Rfc1 Rb5 20. a3 a5 21. b4 Qb8 22. Rc5 axb4 23. Rxb5 cxb5 24. Qxb4 Qf8 25. Qxf8+ Kxf8 26. Rc3 Ra4 27. Kf1 Ke7 28. Ke2 Kd6 29. Ke3 Bc6 30. Ne1 Bd5 31. f3 b4 32. axb4 Rxb4 33. Nd3 Ra4 34. g4 Ra2 35. Nf4 Ba8 36. g3 g5 37. Nh5 f5 38. gxf5 exf5 39. Ng7 Ra5 40. Rc5 Rxc5 41. dxc5+ Ke5 42. f4+ gxf4+ 43. gxf4+ Kf6 44. Ne8+ Ke7 45. Nd6 Ke6 46. Kf2 Bc6 1/2-1/2

[Event "DOM-ch"]
[White "Orizondo, Hugo"]
[Black "Arias Diaz, Ernesto Antonio"]
[Site "Santo Domingo"]
[Round "5"]
[Result "1-0"]
[Date "2016.04.08"]
[WhiteElo "2044"]
[BlackElo "1873"]
[PlyCount "77"]
[EventDate "2016.04.01"]
[EventType "swiss"]
[EventRounds "11"]
[EventCountry "DOM"]
[SourceTitle "CBM 171 Extra"]
[Source "ChessBase"]
[SourceDate "2016.04.26"]
[SourceVersion "1"]
[SourceVersionDate "2016.04.26"]
[SourceQuality "1"]

1. d4 d5 2. c4 e6 3. Nf3 Nf6 4. g3 Be7 5. Bg2 Nbd7 6. 0-0 0-0 7. Qc2 c5 8. Rd1 cxd4 9. Nxd4 Qb6 10. Nc3 dxc4 11. Na4 Qa5 12. Qxc4 a6 13. Bd2 Qh5 14. Qc2 Rb8 15. Rac1 Ng4 16. h3 Nge5 17. g4 Qh4 18. Bf4 Bg5 19. Bg3 Qh6 20. e3 b5 21. Nc3 Bh4 22. Bf4 g5 23. Bh2 Bb7 24. Bxb7 Rxb7 25. Bxe5 Nxe5 26. Qe4 Qf6 27. f4 gxf4 28. exf4 Ng6 29. Qxb7 Nxf4 30. Qf3 Rd8 31. Nde2 Nxe2+ 32. Qxe2 Rd4 33. Rxd4 Qxd4+ 34. Kh1 b4 35. Ne4 f5 36. gxf5 exf5 37. Rc8+ Kg7 38. Qg2+ Kh6 39. Rc6+ 1-0

[Event "Santo Domingo District"]
[White "Orizondo, Hugo"]
[Black "Contreras Rodriguez, Felipe"]
[Site "Santo Domingo"]
[Round "1"]
[Result "1-0"]
[Date "2016.03.11"]
[WhiteElo "2017"]
[BlackElo "1894"]
[PlyCount "25"]
[EventDate "2016.03.11"]
[EventType "swiss"]
[EventRounds "7"]
[EventCountry "DOM"]
[SourceTitle "EXT 2017"]
[Source "ChessBase"]
[SourceDate "2016.10.25"]
[SourceVersion "1"]
[SourceVersionDate "2016.10.25"]
[SourceQuality "1"]

1. d4 d5 2. c4 e6 3. Nf3 Nf6 4. g3 Bb4+ 5. Bd2 Bxd2+ 6. Nbxd2 0-0 7. Bg2 c5 8. 0-0 Re8 9. Qc2 Nbd7 10. e4 dxc4 11. Nxc4 Nxe4 12. Qxe4 Nf6 13. Qc2 1-0

[Event "Santo Domingo Summer op"]
[White "Orizondo, Hugo"]
[Black "Castillo Vazquez, Adgart Miguel"]
[Site "Santo Domingo"]
[Round "8"]
[Result "1-0"]
[Date "2015.07.26"]
[WhiteElo "2025"]
[BlackElo "2025"]
[PlyCount "93"]
[EventDate "2015.07.17"]
[EventType "swiss"]
[EventRounds "8"]
[EventCountry "DOM"]
[SourceTitle "EXT 2016"]
[Source "ChessBase"]
[SourceDate "2015.10.08"]
[SourceVersion "1"]
[SourceVersionDate "2015.10.08"]
[SourceQuality "1"]

1. d4 Nf6 2. c4 e6 3. Nf3 Bb4+ 4. Nc3 c5 5. g3 cxd4 6. Nxd4 Nc6 7. Bg2 0-0 8. 0-0 h6 9. Ndb5 a6 10. Nd6 Qe7 11. Nce4 Rd8 12. Nxf6+ Qxf6 13. a3 Bxd6 14. Qxd6 Nd4 15. Be3 Nf5 16. Qd2 d5 17. Bb6 Rd6 18. c5 Rd7 19. Rad1 Qe5 20. e3 Ne7 21. Rfe1 Nc6 22. Qc1 f5 23. f3 Re7 24. e4 fxe4 25. fxe4 d4 26. Qd2 Bd7 27. b4 Be8 28. a4 Bh5 29. Rc1 Rd7 30. b5 axb5 31. axb5 Ne7 32. c6 Qxb5 33. cxd7 Qxb6 34. Rb1 Qd6 35. e5 Qc5 36. Qb4 Qxb4 37. Rxb4 d3 38. Rd4 Rd8 39. Rxd3 Nc6 40. Bxc6 bxc6 41. Rc1 Kf8 42. Rxc6 Be2 43. Rc8 Ke7 44. Rxd8 Kxd8 45. Rd6 Bc4 46. Kf2 Bd5 47. Rxd5 1-0

[Event "Santo Domingo Summer op"]
[White "Belliard Alonzo, Julio Cesar"]
[Black "Orizondo, Hugo"]
[Site "Santo Domingo"]
[Round "3"]
[Result "0-1"]
[Date "2015.07.18"]
[WhiteElo "1699"]
[BlackElo "2025"]
[PlyCount "29"]
[EventDate "2015.07.17"]
[EventType "swiss"]
[EventRounds "8"]
[EventCountry "DOM"]
[SourceTitle "EXT 2016"]
[Source "ChessBase"]
[SourceDate "2015.10.08"]
[SourceVersion "1"]
[SourceVersionDate "2015.10.08"]
[SourceQuality "1"]

1. d4 Nf6 2. c4 e6 3. Nc3 Bb4 4. a3 Bxc3+ 5. bxc3 c5 6. Bf4 d5 7. e3 Qa5 8. Qc2 Nc6 9. f3 cxd4 10. exd4 Nxd4 11. Qd3 Nc6 12. Bd6 Qd8 13. c5 Nb8 14. Ne2 Nfd7 15. Ng3 0-1

[Event "DOM-ch"]
[White "Diaz Garcia, Roberto"]
[Black "Orizondo, Hugo"]
[Site "Santo Domingo"]
[Round "11"]
[Result "1-0"]
[Date "2015.05.17"]
[WhiteElo "1924"]
[BlackElo "2076"]
[PlyCount "79"]
[EventDate "2015.05.01"]
[EventType "swiss"]
[EventRounds "11"]
[EventCountry "DOM"]
[SourceTitle "CBM 166 Extra"]
[Source "ChessBase"]
[SourceDate "2015.06.18"]
[SourceVersion "1"]
[SourceVersionDate "2015.06.18"]
[SourceQuality "1"]

1. e4 c5 2. Nc3 e6 3. f4 d5 4. Bb5+ Nc6 5. Bxc6+ bxc6 6. d3 Ba6 7. Nf3 Nf6 8. Qe2 c4 9. d4 Bb4 10. exd5 Nxd5 11. Bd2 Bxc3 12. bxc3 0-0 13. 0-0 Rb8 14. Ne5 Qc7 15. Rf3 c5 16. Rh3 cxd4 17. Qh5 Nf6 18. Qh4 Rfd8 19. cxd4 Rxd4 20. Bc3 Qc5 21. Kh1 Qxe5 22. fxe5 Rxh4 23. Rxh4 Nd5 24. Bd4 Rb7 25. Rh3 Bb5 26. Rb1 a6 27. Rf3 h6 28. Kg1 Rd7 29. g3 Ne7 30. c3 Nf5 31. Rd1 Bc6 32. Rf2 Rb7 33. Rfd2 Be4 34. Kf2 g5 35. a4 Ne7 36. g4 Nd5 37. a5 Rb3 38. Re1 Bd3 39. Rc1 Nxc3 40. Bxc3 1-0

[Event "Basel op"]
[White "Ditzler, Juerg"]
[Black "Orizondo, Hugo"]
[Site "Basel"]
[Round "2"]
[Result "0-1"]
[Date "2014.01.02"]
[WhiteElo "2053"]
[BlackElo "2140"]
[PlyCount "56"]
[EventDate "2014.01.01"]
[EventType "swiss"]
[EventRounds "7"]
[EventCountry "SUI"]
[SourceTitle "CBM 158 Extra"]
[Source "ChessBase"]
[SourceDate "2014.02.28"]
[SourceVersion "1"]
[SourceVersionDate "2014.02.28"]
[SourceQuality "1"]

1. Nf3 Nf6 2. d4 d5 3. c4 e6 4. g3 dxc4 5. Bg2 c5 6. 0-0 Nc6 7. Qa4 Bd7 8. Qxc4 b5 9. Qb3 cxd4 10. Rd1 e5 11. e3 Na5 12. Qc2 Rc8 13. Qe2 d3 14. Qf1 e4 15. Ng5 Bc6 16. Nc3 Qe7 17. f3 exf3 18. Bxf3 b4 19. Bxc6+ Nxc6 20. Nb5 Qe5 21. Nd4 Qxg5 22. Nxc6 Rxc6 23. Qf3 Qd5 24. e4 Bc5+ 25. Kf1 Qd4 26. Rxd3 Qg1+ 27. Ke2 Qxh2+ 28. Kf1 0-0 0-1

[Event "Santo Domingo AES Cup 2nd"]
[White "Jaquez, Juan Manuel"]
[Black "Orizondo, Hugo"]
[Site "Santo Domingo"]
[Round "7"]
[Result "1/2-1/2"]
[Date "2012.12.05"]
[WhiteElo "2164"]
[BlackElo "2114"]
[PlyCount "240"]
[EventDate "2012.12.01"]
[EventType "swiss"]
[EventRounds "9"]
[EventCountry "DOM"]
[SourceTitle "CBM 151 Extra"]
[Source "ChessBase"]
[SourceDate "2012.12.18"]
[SourceVersion "1"]
[SourceVersionDate "2012.12.18"]
[SourceQuality "1"]

1. e4 e5 2. Nf3 Nc6 3. Bb5 a6 4. Ba4 Nf6 5. 0-0 Be7 6. Re1 b5 7. Bb3 d6 8. c3 0-0 9. h3 Na5 10. Bc2 c5 11. d4 Qc7 12. Nbd2 Bd7 13. dxe5 dxe5 14. Nf1 Nc4 15. Ne3 Nxe3 16. Bxe3 Bc6 17. Nd2 Rfd8 18. Qf3 Bb7 19. Rad1 Rd7 20. Nf1 Rad8 21. Rxd7 Nxd7 22. Ng3 g6 23. a4 c4 24. axb5 axb5 25. Bh6 Qc6 26. Rd1 Nc5 27. Rxd8+ Bxd8 28. Qd1 Be7 29. f3 Ne6 30. Be3 Bc5 31. Nf1 Qb6 32. Qd2 Kg7 33. Kh2 Bxe3 34. Nxe3 Nf4 35. g3 Ne6 36. Kg2 h5 37. h4 Nc5 38. Kf1 Qe6 39. Kg2 Bc8 40. Kg1 Qh3 41. Nf1 Qd7 42. Kf2 Qc7 43. Ne3 Be6 44. Ke2 Qb6 45. f4 Bg4+ 46. Nxg4 hxg4 47. f5 Qc6 48. Qd5 Qc7 49. Kf2 Qe7 50. Kg2 gxf5 51. exf5 Qb7 52. Qxb7 Nxb7 53. b3 cxb3 54. Bxb3 Nd6 55. Bc2 Kf6 56. Kf2 Nxf5 57. Bd1 Nd6 58. Ke3 Kf5 59. Bc2+ Ke6 60. Bb3+ Ke7 61. Bd5 f5 62. Bb3 Kf6 63. Bd5 Kg6 64. Be6 Kg7 65. Bd7 Kf6 66. Bc6 Ke6 67. Ke2 f4 68. Kf2 Ke7 69. Kg2 f3+ 70. Kf2 e4 71. h5 Kf6 72. h6 Kg6 73. Bd7 Kxh6 74. Bxg4 Kg5 75. Bd7 Kf6 76. Bc6 Ke5 77. Ba8 Ke6 78. Bc6 Ke7 79. Ba8 Kd7 80. Bd5 Kc7 81. Ke3 Kb6 82. g4 Kc5 83. Be6 Nc4+ 84. Kf2 Kd6 85. Bc8 Ke5 86. Kg3 Kf6 87. Kf4 Nd6 88. g5+ Kg7 89. Bg4 Kg6 90. Bh3 Kh5 91. Bg4+ Kg6 92. Be6 Kg7 93. Bg4 Kf7 94. Bh5+ Ke6 95. Bg4+ Kf7 96. Bh5+ Kg7 97. Bg4 Kg6 98. Bh3 f2 99. Bg2 Kf7 100. Ke3 Kg6 101. Kf4 Kg7 102. Bh3 Kf7 103. Bg2 Ke6 104. Bh3+ Kf7 105. Bg2 Kg6 106. Bh3 Kh5 107. Bf1 Kg6 108. Bh3 Kh5 109. Bf1 Kg6 110. Be2 Kf7 111. Bf1 Kg6 112. Bg2 Kg7 113. Bh3 Kg6 114. Bg2 Kf7 115. Ke3 Kg6 116. Kf4 Kf7 117. Bh3 Kg7 118. Bg2 Kf7 119. Bh3 Kg7 120. Bg2 Kg6 1/2-1/2